Nuevas perspectivas para erradicar el trabajo infantil en América Latina. III Parte: Estrategias de erradicación del trabajo infantil en América Latina /
Sábháilte in:
| Príomhchruthaitheoir: | |
|---|---|
| Údair chorparáideacha: | , |
| Rannpháirtithe: | |
| Formáid: | Anaithnid |
| Foilsithe / Cruthaithe: |
Bogotá:
Tercer Mundo
|
| Ábhair: | |
| Clibeanna: |
Cuir clib leis
Níl clibeanna ann, Bí ar an gcéad duine le clib a chur leis an taifead seo!
|
MARC
| LEADER | 00000 a2200000 04500 | ||
|---|---|---|---|
| 001 | 18916 | ||
| 003 | |||
| 008 | 991231s d | ||
| 040 | |||
| 090 | |a 144709 | ||
| 100 | |a García Méndez, Emilio | ||
| 110 | |a UNICEF. Oficina Regional para América Latina y el Caribe, Colombia | ||
| 245 | |a Nuevas perspectivas para erradicar el trabajo infantil en América Latina. III Parte: Estrategias de erradicación del trabajo infantil en América Latina / |c UNICEF. Oficina Regional para América Latina y el Caribe, Colombia | ||
| 260 | |a Bogotá: |b Tercer Mundo | ||
| 300 | |a xxi, 295 p. | ||
| 650 | |a TRABAJO DE MENORES | ||
| 650 | |a DERECHOS DEL NIÑO | ||
| 650 | |a NIÑOS | ||
| 650 | |a ADOLESCENTES | ||
| 650 | |a POLITICA LABORAL | ||
| 650 | |a ACCESO A LA EDUCACION | ||
| 650 | |a INFORMACION SOCIAL | ||
| 650 | |a LEGISLACION SOCIAL | ||
| 650 | |a ORGANIZACIONES NO GUBERNAMENTALES | ||
| 650 | |a CONF | ||
| 700 | |a | ||
| 700 | |a Salazar, María Cristina | ||
| 700 | |a | ||
| 710 | |a International Child Development Centre, Italia | ||
| 999 | |c 16977 |d 16977 | ||
